书目信息 |
| 题名: |
重型汽车国六标准实施要点研究
|
|
| 作者: | 丁焰 , 尹航 , 陈大为 主编 | |
| 分册: | ||
| 出版信息: | 北京 中国环境出版集团 2022.03 |
|
| 页数: | 140页 | |
| 开本: | 26cm | |
| 丛书名: | ||
| 单 册: | ||
| 中图分类: | X734.201-65 | |
| 科图分类: | ||
| 主题词: | 汽车排气污染--qi che pai qi wu ran--污染物排放标准--研究--中国 | |
| 电子资源: | ||
| ISBN: | 978-7-5111-5102-5 | |
| 000 | 00960nam0 2200241 450 | |
| 001 | 011025154502 | |
| 005 | 20221025154502.0 | |
| 010 | @a978-7-5111-5102-5@dCNY50.00 | |
| 100 | @a20201004d2022 em y0chiy50 ea | |
| 101 | 0 | @achi |
| 102 | @aCN@b110000 | |
| 105 | @aa z 000yy | |
| 106 | @ar | |
| 200 | 1 | @a重型汽车国六标准实施要点研究@Achong xing qi che guo liu biao zhun shi shi yao dian yan jiu@f丁焰, 尹航, 陈大为主编 |
| 210 | @a北京@c中国环境出版集团@d2022.03 | |
| 215 | @a140页@c图@d26cm | |
| 330 | @a本书从重型车国六标准实施应对角度出发,对车辆环保信息公开、型式检验要求及流程、型式检验扩展条件、钒基催化器车辆要求、生产一致性、在用符合性和重型车远程排放管理终端等方面进行了解读。 | |
| 606 | 0 | @a汽车排气污染@Aqi che pai qi wu ran@x污染物排放标准@x研究@y中国 |
| 690 | @aX734.201-65@v5 | |
| 701 | 0 | @a丁焰@Ading yan@4主编 |
| 701 | 0 | @a尹航@Ayin hang@4主编 |
| 701 | 0 | @a陈大为@Achen da wei@4主编 |
| 905 | @a河南城建学院图书馆@dX734.201-65@eD595 | |
| 重型汽车国六标准实施要点研究/丁焰, 尹航, 陈大为主编.-北京:中国环境出版集团,2022.03 |
| 140页:图;26cm |
| ISBN 978-7-5111-5102-5:CNY50.00 |
| 本书从重型车国六标准实施应对角度出发,对车辆环保信息公开、型式检验要求及流程、型式检验扩展条件、钒基催化器车辆要求、生产一致性、在用符合性和重型车远程排放管理终端等方面进行了解读。 |
| ● |
| 相关链接 |
|
|
|
正题名:重型汽车国六标准实施要点研究
索取号:X734.201-65/D595
 
预约/预借
| 序号 | 登录号 | 条形码 | 馆藏地/架位号 | 状态 | 备注 |
| 1 | 1590403 | 215904038 | 自科库501/501自科库 108排2列5层/ [索取号:X734.201-65/D595] | 在馆 |